号外 V.876 02/2018 (Record no. 65510)

000 -LEADER
fixed length control field 00529nam a22001937a 4500
003 - CONTROL NUMBER IDENTIFIER
control field MPLRDC
005 - DATE AND TIME OF LATEST TRANSACTION
control field 20220104194108.0
008 - FIXED-LENGTH DATA ELEMENTS--GENERAL INFORMATION
fixed length control field 210129b ||||| |||| 00| 0 eng d
020 ## - INTERNATIONAL STANDARD BOOK NUMBER
International Standard Book Number ISSN1511-9165
082 ## - DEWEY DECIMAL CLASSIFICATION NUMBER
Classification number 050.9 HW v.876
100 ## - MAIN ENTRY--PERSONAL NAME
Personal name 李光华 执行主编
245 ## - TITLE STATEMENT
Title 号外 V.876 02/2018
Statement of responsibility, etc.
250 ## - EDITION STATEMENT
Edition statement 初版
260 ## - PUBLICATION, DISTRIBUTION, ETC.
Place of publication, distribution, etc. 马来西亚
Name of publisher, distributor, etc. NANYANG PRESS HOLDINGS BERHAD
Date of publication, distribution, etc. 2018
300 ## - PHYSICAL DESCRIPTION
Other physical details
520 ## - SUMMARY, ETC.
Summary, etc. 上架 2018-02-25。
650 ## - SUBJECT ADDED ENTRY--TOPICAL TERM
Topical term or geographic name entry element 期刊--号外周报 SPECIAL WEEKLY
942 ## - ADDED ENTRY ELEMENTS (KOHA)
Koha item type Magazine
-- 050.9 HW v.876
Holdings
Withdrawn status Lost status Source of classification or shelving scheme Damaged status Not for loan Collection code Home library Current library Shelving location Date acquired Cost, normal purchase price Total Checkouts Full call number Barcode Date last seen Date last checked out Price effective from Koha item type Public note
            Malaysian Public Library, Research and Development Centre Malaysian Public Library, Research and Development Centre   11/06/2015 8.80   050.9 HW v.876 HW000063 18/03/2021 17/08/2018 18/03/2021 Book mplrdc

© 2022. Malaysian Public Library, Research and Development Centre. All Right ReservedE-mailmplrdc@help.edu.my 

Powered by Koha